000 00484nam a2200157 a 4500
001 000037764
005 20201002031118.0
008 130305s2012 dr 000 0 spa d
020 _a9789945489187
040 _aDO-SdBNP
_bspa
_cBNPHU
100 1 _aCastillo, Quibian
_964216
245 1 3 _aLa taxidermista /
_cQuibian Castillo.
260 _aSanto Domingo :
_bSantuario,
_c2012.
300 _a93 p. ;
_c24 cm.
500 _aIncluye datos biográficos del autor en la solapa de la cubierta
999 _c37254
_d37254